Contributo allo studio della usurae c.d. legali nel diritto romano

保存先:
書誌詳細
第一著者: Cervenca, Giuliano (著者)
フォーマット: 図書
言語:イタリア語
出版事項: Milán Dott. A. Giuffrè 1969
シリーズ:Pubblicazioni della Facoltà di giurisprudenza della Università di Trieste
主題:
タグ: タグ追加
タグなし, このレコードへの初めてのタグを付けませんか!

MARC

LEADER 00000nam a2200000 a 4500
001 UCR1035
003 CL-VaPUC
008 971205e19690000IT |||||||||||||||||ita|d
082 0 4 |a 340.54  |b CER  |2 21 
100 0 |a Cervenca, Giuliano  |e author  |9 397797 
245 1 0 |a Contributo allo studio della usurae c.d. legali nel diritto romano 
300 |a 309 p 
942 |c BK 
945 |d 19971205 00:00:00  |a aolguin 
260 |a Milán  |b Dott. A. Giuffrè  |c 1969 
650 0 |a Derecho romano  |9 255930 
650 7 |a USURA  |2 CL-VaPUC  |9 368490 
650 0 |a Obligaciones   |9 255578 
650 0 |a Jurisprudencia  |9 255952 
650 0 |a Régimen jurídico  |9 391149 
583 |a last modification  |c 19971205 00:00:00  |k Rodrigo Vera 
490 0 |a Pubblicazioni della Facoltà di giurisprudenza della Università di Trieste 
999 |c 264530  |d 264528 
952 |0 0  |1 0  |4 0  |6 340_540000000000000_CER_1969  |7 0  |8 DER_ROM  |9 294814  |a BIBDER  |b BIBDER  |d 2019-11-19  |i 1909282  |l 1  |o 340.54 CER 1969  |p 1909282  |r 2023-01-25  |s 2020-03-19  |w 2019-11-19  |x Ubicación 4to piso  |y BK  |z Este recurso debe solicitarse con anticipación  |k DER